| 000 | 00768nam a2200241 a 4500 | ||
|---|---|---|---|
| 005 | 20240509064220.0 | ||
| 008 | 060317s2003 mx r 000 0 spa d | ||
| 020 | _a8427713991 | ||
| 035 | _aUPN01000143331 | ||
| 040 |
_aUPN _bspa _cUPN |
||
| 049 | _aCG | ||
| 050 | 4 |
_aLB2331 _bZ3.2 |
|
| 100 | 1 |
_aZabalza, Miguel Ángel _929512 |
|
| 245 | 1 | 0 |
_aCompetencias docentes del profesorado universitario : _bcalidad y desarrollo profesional / _cMiguel Ángel Zabalza. |
| 260 |
_aMadrid : _bNarcea, _cc2003. |
||
| 300 | _a253 p. | ||
| 440 | 0 | _aNarcea Universitaria | |
| 650 | 4 |
_aEducación superior _xFines y objetivos _910340 |
|
| 650 | 4 |
_aUniversidades y colegios _95013 |
|
| 650 | 4 |
_aMaestros en servicio, Formación de _9390 |
|
| 905 | _aLibro | ||
| 942 |
_2lcc _cLIBRO |
||
| 999 |
_c115478 _d115478 |
||